LIBRARY ONLINE CATALOGUE

A Textbook of financial accounting. (Record no. 11864)

MARC details
000 -LEADER
fixed length control field 00552cam a22002052 4500
001 - CONTROL NUMBER
control field 0000002514
005 - DATE AND TIME OF LATEST TRANSACTION
control field 20151217155203.0
008 - FIXED-LENGTH DATA ELEMENTS--GENERAL INFORMATION
fixed length control field 070412s xx 000 0 eng d
020 ## - INTERNATIONAL STANDARD BOOK NUMBER
Terms of availability KES 510
040 ## - CATALOGING SOURCE
Original cataloging agency KABU
Transcribing agency KABU
050 #0 - LIBRARY OF CONGRESS CALL NUMBER
Classification number HF5635
Item number .K562
100 1# - MAIN ENTRY--PERSONAL NAME
Personal name Kimuda, Daniel W.
-- 0000151894
245 12 - TITLE STATEMENT
Title A Textbook of financial accounting.
260 ## - PUBLICATION, DISTRIBUTION, ETC. (IMPRINT)
Place of publication, distribution, etc. Nairobi :
Name of publisher, distributor, etc. Heinemann Kenya,
Date of publication, distribution, etc. 1986.
300 ## - PHYSICAL DESCRIPTION
Extent 368 p.
650 #0 - SUBJECT ADDED ENTRY--TOPICAL TERM
Topical term or geographic name as entry element Accounting.
-- 0000148321
908 ## - PUT COMMAND PARAMETER (RLIN)
Put command parameter 070412
950 ## - LOCAL HOLDINGS (RLIN)
-- 1
Holdings
Withdrawn status Lost status Source of classification or shelving scheme Not for loan Home library Current library Date acquired Total Checkouts Full call number Barcode Date last seen Date last checked out Price effective from Koha item type
    Library of Congress Classification   Kabarak, Main Campus Kabarak, Main Campus 17/12/2015 1 HF5635 .K562 011956 31/05/2016 15/04/2016 17/12/2015 General Collection